Дело о Священном Миропомазании принцессы датской Марии Дагмар высоконареченной невесты государя наследника цесаревича Александра...

Доступно только в Электронных читальных залах Найти на картеНа карте
RUSMARC
00003598nmc2a22002413x 450
0017eb3aac6-1af8-4b78-96b6-4530e5008f5c
00520241106171749.0
100##$a20240516l18661866k l0rusy0189 ca
1010#$arus
102##$aRU
105##$ay###
1222#$ad
2001#$aДело о Священном Миропомазании принцессы датской Марии Дагмар высоконареченной невесты государя наследника цесаревича Александра Александровича и обручении их высочеств
$j30 августа - 15 декабря 1866 г.
215##$a146 л.
$d36,5х26 см
251##$cДело
300##$aДело
371##$aДокумент не является опубликованным и широко распространяемым
461#0$1001RusGRCC00078950
$12001
$aКанцелярия Министерства Императорского двора
$1251
$cФонд
$1852
$j472
462#0$1001ee651c76-2b84-4d80-bfd1-feee6387172e
$12001
$aКанцелярия Министерства Императорского двора
$1251
$cОпись
$1852
$j31
$l129-966
801#0$aRU
$bРГИА
$c20240516
$gRCR
801#1$aRU
$bГлавНИВЦ
$c20240516
$2rusmarc
801#2$aRU
$bПБ им. Б.Н. Ельцина
$c20241106
$gRCR
$2rusmarc
850##$aРГИА
852##$aРГИА
$eФедеральное казенное учреждение "Российский государственный исторический архив" (РГИА)
$j33
937##$hРГИА
$d12416105
$aASBIBLIO_SCAN
035##$aRusGRCC00078923
856##$uhttp://readingroom.main.prlib.ru/item.aspx?id_node=n194720138&mode=full
Формат отображения